[Event "Suhar op"]
[Site "Suhar"]
[Date "2024.12.13"]
[Round "4"]
[White "Al Farsi, Mohammed Ali"]
[Black "Harshavardhan, V."]
[Result "0-1"]
[WhiteElo "1700"]
[BlackElo "1483"]
[PlyCount "116"]
[EventDate "2024.12.12"]
[EventType "swiss"]
[EventRounds "7"]
[EventCountry "OMN"]
[SourceTitle "CB52_2024"]
[SourceDate "2024.12.25"]
[SourceVersion "1"]
[SourceVersionDate "2024.12.25"]
[SourceQuality "1"]

1. c4 e5 2. Nc3 Nf6 3. Nf3 Nc6 4. e4 d6 5. d3 Bg4 6. Be2 g6 7. Be3 Bg7 8. h3 Bxf3 9. Bxf3 0-0 10. 0-0 Nd4 11. Re1 Nd7 12. b4 f5 13. Bxd4 exd4 14. Ne2 Ne5 15. Nc1 Qh4 16. Rf1 g5 17. exf5 Rxf5 18. Bg4 Raf8 19. Bxf5 Rxf5 20. f3 Qg3 21. Ne2 Qh4 22. Qe1 Qh6 23. Rd1 Ng6 24. Ng3 Re5 25. Qf2 Nf4 26. Rfe1 Re3 27. Re2 Rxe2 28. Qe1 Be5 29. Nxe2 Qf6 30. Nxf4 Qxf4 31. Qf2 Qh2+ 32. Kf1 c5 33. g3 Qxh3+ 34. Qg2 Qxg3 35. Qxg3 Bxg3 36. Kg2 Bf4 37. b5 b6 38. Re1 Be3 39. Kg3 Kg7 40. a4 Kf7 41. Re2 h5 42. Ra2 Ke7 43. a5 Kd7 44. axb6 axb6 45. Ra7+ Ke6 46. Rh7 h4+ 47. Kg4 d5 48. Rh6+ Kd7 49. Rxb6 dxc4 50. dxc4 d3 51. Ra6 d2 52. Ra1 Bf4 53. Rb1 Kc7 54. Kf5 h3 55. Ke6 h2 56. Kd5 Be3 57. Ra1 Bg1 58. Ra7+ Kb8 0-1

[Event "Suhar op"]
[Site "Suhar"]
[Date "2024.12.12"]
[Round "2"]
[White "Al Hosni, Khalfan"]
[Black "Harshavardhan, V."]
[Result "0-1"]
[WhiteElo "1749"]
[BlackElo "1483"]
[PlyCount "95"]
[EventDate "2024.12.12"]
[EventType "swiss"]
[EventRounds "7"]
[EventCountry "OMN"]
[SourceTitle "CB52_2024"]
[SourceDate "2024.12.25"]
[SourceVersion "1"]
[SourceVersionDate "2024.12.25"]
[SourceQuality "1"]

1. e4 c6 2. Nf3 d5 3. exd5 cxd5 4. Ne5 Nc6 5. d4 Nxe5 6. dxe5 e6 7. Bd3 Bc5 8. Qg4 Ne7 9. Nc3 Ng6 10. Qg3 Qc7 11. Nb5 Qb6 12. Be3 d4 13. Bd2 Bd7 14. Nd6+ Bxd6 15. exd6 0-0 16. h4 Qc5 17. f4 Qxd6 18. h5 Ne7 19. h6 g6 20. a3 Nf5 21. Bxf5 exf5 22. 0-0-0 Rac8 23. Bb4 Qc7 24. Rd2 Rfe8 25. Qg5 Re6 26. g4 Rc6 27. Rhh2 f6 28. Qh4 Qxf4 29. Kb1 Qf1+ 30. Ka2 Be6+ 31. b3 g5 32. Qg3 f4 33. Qf2 Qxf2 34. Rhxf2 Bxg4 35. Kb2 Bf5 36. Rfe2 Re6 37. Rxe6 Bxe6 38. Rxd4 Kf7 39. c4 Kg6 40. Rd6 Rc6 41. Rd8 Kxh6 42. Be7 Bf5 43. c5 Re6 44. Bf8+ Kh5 45. Rd2 f3 46. Kc3 Re3+ 47. Kd4 Re2 48. Rd1 0-1